Central Library || Chittagong University

The epic of modern man : (Record no. 110100)

MARC details
000 -LEADER
fixed length control field 00499nam a22001697a 4500
003 - CONTROL NUMBER IDENTIFIER
control field BD-ChCU
005 - DATE AND TIME OF LATEST TRANSACTION
control field 20251203133003.0
008 - FIXED-LENGTH DATA ELEMENTS--GENERAL INFORMATION
fixed length control field 251203b bg ||||| |||| 00| 0 ben d
040 ## - CATALOGING SOURCE
Transcribing agency BD-ChCU
082 ## - DEWEY DECIMAL CLASSIFICATION NUMBER
Classification number 909.08 STE
100 ## - MAIN ENTRY--PERSONAL NAME
Personal name Stavrianos , L.S. ed.
9 (RLIN) 17422
245 ## - TITLE STATEMENT
Title The epic of modern man :
Remainder of title a collection of readings ./
Statement of responsibility, etc. L.S. Stavrianos.
260 ## - PUBLICATION, DISTRIBUTION, ETC.
Place of publication, distribution, etc. Englewood Cliffs :
Name of publisher, distributor, etc. Prentice -hall ,
Date of publication, distribution, etc. C 1966
300 ## - PHYSICAL DESCRIPTION
Extent xvi , 557p
650 #0 - SUBJECT ADDED ENTRY--TOPICAL TERM
Topical term or geographic name entry element World history.
9 (RLIN) 17425
942 ## - ADDED ENTRY ELEMENTS (KOHA)
Source of classification or shelving scheme Dewey Decimal Classification
Koha item type Books
Suppress in OPAC No
Holdings
Withdrawn status Lost status Source of classification or shelving scheme Damaged status Not for loan Home library Current library Shelving location Date acquired Source of acquisition Total Checkouts Full call number Barcode Date last seen Copy number Price effective from Koha item type
    Dewey Decimal Classification     Chittagong University Library Chittagong University Library Arts and Humanities Reading Room 12/03/2025 Purchase   909.08 STE 56350 12/03/2025 C-1 12/03/2025 Books
© Copyright 2026. Chittagong University Library, Installation and Maintenance by Prof. Dr. Md. Alamgir, 01711306253